000
00325nam a22001337a 4500
008
170608b xxu||||| |||| 00| 0 eng d
020
_a
9780791423738
041
_a
eng
080
_a
94(100)
100
_a
18
101
_a
SHH
245
_a
TEACHING ABOUT INTERNATIONAL CONFLICT AND PEACE
_c
MERRYFIELD,M.M
942
_2
udc
_c
BK
999
_c
16356
_d
16356